|
|
|
|
| LEADER |
01580cas a2200241 a 4500 |
| 001 |
AALejournalIMF007672 |
| 008 |
230101c9999 xx r poo 0 0eng d |
| 020 |
|
|
|c 5.00 USD
|
| 020 |
|
|
|z 9781451836813
|
| 022 |
|
|
|a 1934-7685
|
| 040 |
|
|
|a BD-DhAAL
|c BD-DhAAL
|
| 110 |
2 |
|
|a International Monetary Fund.
|
| 245 |
1 |
0 |
|a Thailand :
|b Selected Issues.
|
| 264 |
|
1 |
|a Washington, D.C. :
|b International Monetary Fund,
|c 2000.
|
| 300 |
|
|
|a 1 online resource (76 pages)
|
| 490 |
1 |
|
|a IMF Staff Country Reports
|
| 500 |
|
|
|a <strong>Off-Campus Access:</strong> No User ID or Password Required
|
| 500 |
|
|
|a <strong>On-Campus Access:</strong> No User ID or Password Required
|
| 506 |
|
|
|a Electronic access restricted to authorized BRAC University faculty, staff and students
|
| 520 |
3 |
|
|a This Selected Issues report on Thailand discusses the rapid growth years of the country before and after the 1997 balance-of-payments crisis. The report discusses development of the crisis and the steps taken to normalize the situation; credit growth before and after the crisis; public debt dynamics in the aftermath of the crisis; export performance before and after the crisis; and an analysis of the role of fiscal policy that led to the 1997 crisis. The report also highlights weaknesses that were threatening the sustainability of Thailand's economic growth.
|
| 538 |
|
|
|a Mode of access: Internet
|
| 830 |
|
0 |
|a IMF Staff Country Reports; Country Report ;
|v No. 2000/021
|
| 856 |
4 |
0 |
|z Full text available on IMF
|u http://elibrary.imf.org/view/journals/002/2000/021/002.2000.issue-021-en.xml
|z IMF e-Library
|